Revolution et population: aspects démographiques des grandes révolutions politiques
Guardat en:
| Autor principal: | |
|---|---|
| Autor corporatiu: | |
| Format: | Llibre |
| Idioma: | francès |
| Publicat: |
Lovaina
Academia
1990
|
| Matèries: | |
| Etiquetes: |
Afegir etiqueta
Sense etiquetes, Sigues el primer a etiquetar aquest registre!
|
MARC
| LEADER | 00000nam a2200000 a 4500 | ||
|---|---|---|---|
| 001 | UCX4214 | ||
| 003 | CL-VaPUC | ||
| 005 | 20241018150440.0 | ||
| 008 | 920326e19900000be 1 fre d | ||
| 082 | 0 | 4 | |a 304.6 |b VIL |2 21 |
| 100 | 1 | |a Vilquin, Eric |e author |9 616847 | |
| 110 | 2 | |a Université Catholique de Louvain. Institut de Demographie |e author |9 616848 | |
| 245 | 1 | 0 | |a Revolution et population: aspects démographiques des grandes révolutions politiques |
| 260 | |a Lovaina |b Academia |c 1990 | ||
| 300 | |a 312 p | ||
| 583 | |a last modification |c 19920326 00:00:00 |k Rodrigo Vera | ||
| 650 | 0 | 0 | |a Demografía |9 260008 |
| 942 | |c BK | ||
| 945 | |d 19920326 00:00:00 | ||
| 546 | |a En Francés | ||
| 536 | |a Société de Démographie Historique | ||
| 518 | |p Chaire Quetelet 1989, Aspects Démographiques des Grandes Révolutions Politiques, 15, Louvaine-la-Neuve, 17 al 20 de Octubre de 1989 | ||
| 999 | |c 382147 |d 382145 | ||
| 952 | |0 0 |1 0 |4 0 |6 304_600000000000000_VIL_1990 |7 0 |8 A |9 503699 |a BIBHIS |b BIBHIS |d 2020-01-23 |i 2904810 |o 304.6 VIL 1990 |p 2904810 |r 2025-01-20 |w 2020-01-23 |y BK |k HIS | ||